000 00710cam4a220020500 4500
001 tmp15963776
003 UPRA
005 20190830110850.0
008 951116n mau eng u
035 _a(Sirsi) r27365
035 _a(UPRA)tmp15963776
040 _cUPRA
100 1 _aCutter, Charles A. (Charles Ammi), 1837-1903.
_qCutter, Charles A. (Charles Ammi), 1837-1903.
_dCutter, Charles A. (Charles Ammi), 1837-1903.
_6A22095.1
245 1 0 _aExplanation of the alphabetic-order marks (three-figure tables).
260 _aChicopee Falls, MA :
_bH.R. Huntting.
500 _aCover title.
650 0 _aAlphabetizing.
_6S15825.1
949 _aZ696
_wlcc
_i-28649
_mMAIN
_tBOOK
_lON-SHELF
004 27365
999 _c188654
_d188654